000 00507nam a2200181Ia 4500
005 20250508160445.0
008 008 250505s9999 xx 000 0 eng d
037 _aTextual
040 _aFEDL
_beng
_cFEDL
041 _aeng
_2eng
084 _a372.5, MAR
_qFEDL
100 _aMarshall Sybil
_956827
245 0 _aAspects of art work with 5-9-year-olds
260 _aLondon, UK
_bEvans Brothers Limited
_c1968
300 _a72p.
942 _cTEXL
_h372.5, MAR
999 _c1364719
_d1364719